000 00926nam a2200241 4500
003 CO-ViMGA
020 _a9789588787688
040 _aCO-ViMGA
_bspa
_cCO-ViMGA
090 _aC NOR1
100 1 _aNorac, Carl,
_d1960-
_92967
245 1 0 _aFeliz cumpleaños, Lola! /
_cCarl Norac ; ilustraciones de Claude K. Dubois ; traducción al español de Anna Coll-Vinent
260 _aBogotá :
_bMonserrate
300 _a[27] páginas sin numerar :
_bIlustraciones en color : 18 cm.
490 _aPlan Nacional de Lectura y Escritura Leer es mi Cuento / Ministerio de Cultura
500 _aDe 4 A 6 Años
650 1 4 _a Literatura Infantil Belga - Siglo Xx
_97973
650 1 4 _aAmistad En La Literatura
_97674
650 1 4 _aCuentos Infantiles Belgas - Siglo Xx
_97972
650 1 4 _aCumpleaños En La Literatura
_97974
700 1 _a Coll-Vinent, Anna,
_eTr.
_97976
700 1 _aDubois, Claude K. ,
_eil.
_97975
942 _2ddc
_cBK
999 _c7692
_d7692